<?xml version="1.0" encoding="UTF-8"?>
<record
    xmlns:xsi="http://www.w3.org/2001/XMLSchema-instance"
    xsi:schemaLocation="http://www.loc.gov/MARC21/slim http://www.loc.gov/standards/marcxml/schema/MARC21slim.xsd"
    xmlns="http://www.loc.gov/MARC21/slim">

  <leader>01953nam a2200253 a 4500</leader>
  <controlfield tag="001">ASIN0814778666</controlfield>
  <controlfield tag="005">20170105102931.0</controlfield>
  <controlfield tag="008">140409s1987    xxu                 eng d</controlfield>
  <datafield tag="020" ind1=" " ind2=" ">
    <subfield code="a">0814778666 (hardcover)</subfield>
    <subfield code="c">$45.00</subfield>
  </datafield>
  <datafield tag="020" ind1=" " ind2=" ">
    <subfield code="a">9780814778661 (hardcover)</subfield>
  </datafield>
  <datafield tag="040" ind1=" " ind2=" ">
    <subfield code="a">0</subfield>
  </datafield>
  <datafield tag="050" ind1="0" ind2="4">
    <subfield code="a">HM136</subfield>
  </datafield>
  <datafield tag="082" ind1="0" ind2="4">
    <subfield code="a">658.4</subfield>
    <subfield code="b">CON 1987</subfield>
  </datafield>
  <datafield tag="245" ind1="0" ind2="0">
    <subfield code="a">Conflict management and problem solving :</subfield>
    <subfield code="b">interpersonal to international affairs /</subfield>
    <subfield code="c">Dennis J.D. Sandole, Ingrid Sandole-Staroste.</subfield>
  </datafield>
  <datafield tag="260" ind1=" " ind2=" ">
    <subfield code="a">[S.l.] :</subfield>
    <subfield code="b">NYU Press,</subfield>
    <subfield code="c">1987.</subfield>
  </datafield>
  <datafield tag="300" ind1=" " ind2=" ">
    <subfield code="a">331 p. ;</subfield>
    <subfield code="c">24 cm.</subfield>
  </datafield>
  <datafield tag="520" ind1=" " ind2=" ">
    <subfield code="a">Violent conflicts exist at many levels throughout the modern world and their influence extends, in varying degrees, to all aspects of everyday living. Ways of responding to conflicts are especially important, therefore, to all professionals and policy-makers who deal with human relations, where conflict can be a major feature. This book is a unique presentation of the views of practitioners, theorists and researchers from a variety of disciplines, looking at conflict resolution. It looks at constructive alternatives to the traditional ways of dealing with conflict, providing solutions which fall outside the usual 'win-lose' parameters. It is also a 'state-of-the-art' examination of the newly emerging field of conflict management, which is currently gaining ground as a specific area of study in the United States throughout the world. Contents Part I: Conflict Management: Generic Theory, Research, and Practice Part II: Conflict Management: Interpersonal to International Levels Part III: Conflict Management: The International Level Part IV: Conflict Management: Generic Theory, Research and Practice Re-visited.</subfield>
  </datafield>
  <datafield tag="650" ind1=" " ind2="0">
    <subfield code="a">Conflict management</subfield>
  </datafield>
  <datafield tag="650" ind1=" " ind2="0">
    <subfield code="a">Problem solving</subfield>
  </datafield>
  <datafield tag="700" ind1="1" ind2=" ">
    <subfield code="a">Sandole, Dennis J.D.</subfield>
  </datafield>
  <datafield tag="700" ind1="1" ind2=" ">
    <subfield code="a">Sandole-Staroste, Ingrid.</subfield>
  </datafield>
  <datafield tag="856" ind1="4" ind2="0">
    <subfield code="3">Amazon.com</subfield>
    <subfield code="u">http://www.amazon.com/exec/obidos/ASIN/0814778666/chopaconline-20</subfield>
  </datafield>
  <datafield tag="942" ind1=" " ind2=" ">
    <subfield code="2">ddc</subfield>
    <subfield code="c">BK</subfield>
  </datafield>
  <datafield tag="999" ind1=" " ind2=" ">
    <subfield code="c">16049</subfield>
    <subfield code="d">16049</subfield>
  </datafield>
  <datafield tag="952" ind1=" " ind2=" ">
    <subfield code="0">0</subfield>
    <subfield code="1">0</subfield>
    <subfield code="4">0</subfield>
    <subfield code="7">0</subfield>
    <subfield code="8">NFIC</subfield>
    <subfield code="a">CIPS</subfield>
    <subfield code="b">CIPS</subfield>
    <subfield code="c">GEN</subfield>
    <subfield code="d">2014-04-01</subfield>
    <subfield code="l">0</subfield>
    <subfield code="o">658.4 CON 1987</subfield>
    <subfield code="p">CIPSD0000123</subfield>
    <subfield code="r">2014-04-09</subfield>
    <subfield code="w">2014-04-09</subfield>
    <subfield code="y">BK</subfield>
  </datafield>
</record>
